Une lettre suffit pour répondre juste #30 (attention 10 lettres tuent) - Statistiques

Statistiques générales
  • Ce quiz a été pris 87 fois
  • Le résultat moyen est 4 sur 6
Statistiques - réponses
Hint Réponse % Correct
Donne une des 5 lettres qui complète le nom de cette émission de TV belgo-française culte ayant pour ambition de « dresser un portrait kaléidoscopique de notre société » : _ _ _ _ _ - TEASE
STRIP
99%
Donne une des 4 lettres du nom du mâle de la chèvre
BOUC
95%
Donne une des 3 lettres du nom de la ville de 21 716 habitants en 2022 dans les Landes DAX
66%
Donne une des 2 lettres qui complète le titre de l'adaptation en anglais de la chanson Comme d'habitude de Claude François popularisée par l'interprétation de Frank Sinatra à partir de 1969 : _ _ Way MY
53%
Donne la lettre qui est entendu quand est prononcé à haute voix cet oiseau bleu en photo : le ? bleu
G (Geai)
28%
Donne la lettre qui complète le nom de ce catcheur : Triple ?
H
16%
Aucun quiz correspondant
Distribution des résultats
% des personnes avec chaque résultat
Percentile par nombre de réponses
Votre historique - résultats
Vous n’avez pas pris ce quiz